О характере просвещения Европы и его отношении к просвещению России (Запись № 11802276)

Подробности
000 -МАРКЕР
контрольное поле 01800nam0a2200397 4500
001 - ИДЕНТИФИКАТОР ЗАПИСИ
контрольное поле RU\NLR\BIBL_A\011177857
005 - ИДЕНТИФИКАТОР ВЕРСИИ
контрольное поле 20260408152657.0
010 ## - МЕЖДУНАРОДНЫЙ СТАНДАРТНЫЙ НОМЕР КНИГИ (ISBN)
Номер (ISBN) 978-5-91041-170-2
021 ## - НОМЕР ГОСУДАРСТВЕННОЙ РЕГИСТРАЦИИ
Код страны Российская Федерация
Номер 2016-51899
Номер Листа государственной регистраци 3315
035 ## - ДРУГИЕ СИСТЕМНЫЕ НОМЕРА
Идентификатор записи (NLR Aleph) 011177857
035 ## - ДРУГИЕ СИСТЕМНЫЕ НОМЕРА
Идентификатор записи (NILC)RuMoRGB-008538559
100 ## - ДАННЫЕ ОБЩЕЙ ОБРАБОТКИ
Данные общей обработки 20160719d2015 |||y0rusy50 ca
101 0# - ЯЗЫК РЕСУРСА
Язык текста, звукозаписи и т.д. русский
102 ## - СТРАНА ПУБЛИКАЦИИ ИЛИ ПРОИЗВОДСТВА
Страна публикации Российская Федерация
105 ## - ПОЛЕ КОДИРОВАННЫХ ДАННЫХ: ТЕКСТОВЫЕ МАТЕРИАЛЫ, МОНОГРАФИЧЕСКИЕ
Кодированные данные о монографическом текстовом документе ac||z|||000yy
200 1# - ЗАГЛАВИЕ И СВЕДЕНИЯ ОБ ОТВЕТСТВЕННОСТИ
Основное заглавие О характере просвещения Европы и его отношении к просвещению России
Первые сведения об ответственности И.В. Киреевский
210 ## - ПУБЛИКАЦИЯ, РАСПРОСТРАНЕНИЕ И ДР.
Место издания, распространения и т.д. Санкт-Петербург
Имя издателя, распространителя и т. д. Общество памяти игумении Таисии
Дата издания, распространения и т.д. 2015
215 ## - ФИЗИЧЕСКАЯ ХАРАКТЕРИСТИКА
Специфическое обозначение материала и объем 111 с.
Другие сведения о физической характеристике ил., портр.
Размеры 21
225 1# - СЕРИЯ
Основное заглавие серии Отечественные мыслители
Сведения, относящиеся к заглавию ОМ
300 ## - ОБЩИЕ ПРИМЕЧАНИЯ
Текст примечания В вып. дан. и макете загл.: О характере просвещения Европы и о его отношении к просвещению России
300 ## - ОБЩИЕ ПРИМЕЧАНИЯ
Текст примечания На обороте тит. л. авт.: философ И.В. Киреевский
320 ## - ПРИМЕЧАНИЯ О НАЛИЧИИ В ДОКУМЕНТЕ БИБЛИОГРАФИИ / УКАЗАТЕЛЯ
Текст примечания Библиогр. в коммент.: с. 94-110
517 1# - ДРУГИЕ ВАРИАНТЫ ЗАГЛАВИЯ
Вариант заглавия О характере просвещения Европы и о его отношении к просвещению России
606 ## - НАИМЕНОВАНИЕ ТЕМЫ КАК ПРЕДМЕТ
Наименование темы Славянофильство
Системный номер авторитетной/нормативной записи 916444
Идентификатор авторитетной/нормативной записи RU\NLR\AUTH\6616038
675 ## - УНИВЕРСАЛЬНАЯ ДЕСЯТИЧНАЯ КЛАССИФИКАЦИЯ (UDC/УДК)
Индекс 1/14
686 1# - ИНДЕКСЫ ДРУГИХ КЛАССИФИКАЦИЙ
Индекс Т3(0)51-71
686 1# - ИНДЕКСЫ ДРУГИХ КЛАССИФИКАЦИЙ
Индекс Т3(2)0-7
686 1# - ИНДЕКСЫ ДРУГИХ КЛАССИФИКАЦИЙ
Индекс Ю3(2)50-568
700 #1 - ИМЯ ЛИЦА - ПЕРВИЧНАЯ ОТВЕТСТВЕННОСТЬ
Графика поля Кириллица
Материалы, к которым относится поле rus
Начальный элемент ввода Киреевский
Часть имени, кроме начального элемента ввода И. В.
Даты 1806-1856
Расширение инициалов личного имени Иван Васильевич
Системный номер авторитетной/нормативной записи 22722
Идентификатор авторитетной/нормативной записи RU\NLR\AUTH\7739746
801 #0 - ИСТОЧНИК ЗАПИСИ
Страна Российская Федерация
Организация РГБ
Дата составления 20160706
Правила каталогизации RCR
942 ## - ДОПОЛНИТЕЛЬНЫЕ ЭЛЕМЕНТЫ ЗАПИСИ (АБИС)
Тип экземпляра АБИС Книга
980 ## - КОЛЛЕКЦИЯ
Название коллекции НБР
980 ## - КОЛЛЕКЦИЯ
Название коллекции Национальная библиография

Нет доступных экземпляров.